[Event "Salou op U2200 1st"]
[Site "Salou"]
[Date "2016.04.30"]
[Round "4"]
[White "Villar Arino, Victor"]
[Black "Sherf, Roni"]
[Result "0-1"]
[WhiteElo "1826"]
[BlackElo "2150"]
[PlyCount "52"]
[EventDate "2016.04.29"]
[EventType "swiss"]
[EventRounds "6"]
[EventCountry "ESP"]
[SourceTitle "CBM 172 Extra"]
[Source "ChessBase"]
[SourceDate "2016.06.21"]
[SourceVersion "1"]
[SourceVersionDate "2016.06.21"]
[SourceQuality "1"]

1. c4 f5 2. Nc3 Nf6 3. g3 e6 4. Bg2 Be7 5. d4 0-0 6. Nf3 d6 7. 0-0 Qe8 8. e4 Nxe4 9. Nxe4 fxe4 10. Nd2 d5 11. cxd5 exd5 12. Qb3 Qf7 13. f3 e3 14. Qxe3 Nc6 15. a3 a5 16. f4 Bg4 17. h3 Bf6 18. Qb3 Nxd4 19. Qxb7 Rab8 20. Qa6 Nc2 21. Rb1 Ne3 22. Re1 Bd4 23. Kh2 Rb6 24. Qd3 Nxg2 25. Kxg2 Bf5 26. Qxd4 c5 0-1

[Event "Catalunya-chT"]
[Site "Catalunya"]
[Date "2014.03.29"]
[Round "10.4"]
[White "Gorgues Valle, Jose Maria"]
[Black "Villar Arino, Victor"]
[Result "0-1"]
[WhiteElo "1783"]
[BlackElo "1826"]
[PlyCount "76"]
[EventDate "2014.01.25"]
[EventType "team"]
[EventRounds "11"]
[EventCountry "ESP"]
[SourceTitle "EXT 2015"]
[Source "ChessBase"]
[SourceDate "2014.11.20"]
[SourceVersion "1"]
[SourceVersionDate "2014.11.20"]
[SourceQuality "1"]
[WhiteTeam "Andorra"]
[BlackTeam "Reus Deportiu"]
[WhiteTeamCountry "AND"]
[BlackTeamCountry "ESP"]

1. e4 d5 2. exd5 Nf6 3. Nc3 Nxd5 4. Nge2 Bg4 5. f3 Bf5 6. Nxd5 Qxd5 7. Nc3 Qd7 8. d3 e6 9. Bd2 Nc6 10. Be2 Bc5 11. Na4 Bd6 12. Be3 Nb4 13. Nc3 Nd5 14. Nxd5 exd5 15. Qd2 Qa4 16. 0-0 0-0 17. f4 c5 18. b3 Qd7 19. d4 Rac8 20. Bd3 c4 21. bxc4 dxc4 22. Bxf5 Qxf5 23. c3 Rfe8 24. g3 b5 25. Rad1 a5 26. Bf2 b4 27. Rfe1 Rxe1+ 28. Bxe1 Qg4 29. Qc1 Re8 30. Bd2 h6 31. Re1 Rxe1+ 32. Qxe1 Qe6 33. Qc1 Qe2 34. Qb2 Qd1+ 35. Kg2 b3 36. Be3 a4 37. a3 Bxa3 38. Qxa3 Qc2+ 0-1